000
00315nam a22001337a 4500
008
190225b xxu||||| |||| 00| 0 eng d
020
_a
9780781741804
041
_a
eng
080
_a
610
100
_a
4
101
_a
SHM
245
_a
A Manual for Laboratory and Diagnostic Tests
_c
Fischbach, F
942
_2
udc
_c
BK
999
_c
54209
_d
54209